|
|
|
|
| LEADER |
01912nam a22002897a 4500 |
| 001 |
9177 |
| 003 |
BD-DhAAL |
| 005 |
20250626115321.0 |
| 008 |
130825t20032002bg ao 000 0 ban |
| 020 |
|
|
|a 9844102855
|
| 040 |
|
|
|a BD-DhAAL
|c BD-DhAAL
|d BD-DhAAL
|
| 082 |
|
|
|a 891.4414
|
| 100 |
1 |
0 |
|a ঠাকুর, রবীন্দ্রনাথ,
|d 1861-1941.
|9 1520
|
| 245 |
|
|
|a রবীন্দ্রনাথ ঠাকুর :
|b ছিন্নপত্র /
|c রবীন্দ্রনাথ ঠাকুর, আলোকচিত্রি নওয়াজেশ আহমদ,
|
| 260 |
|
|
|a ঢাকা :
|b মাওলা ব্রাদার্স,
|c ২০০৩.
|
| 300 |
|
|
|a ১৫২ পৃষ্ঠা :
|b চিত্র ;
|c ২২ সে.মি.
|
| 541 |
|
|
|e 10449
|
| 600 |
1 |
0 |
|a Tagore, Rabindranath,
|d 1861-1941,
|x Correspondence.
|9 2716
|
| 600 |
1 |
0 |
|a ঠাকুর, রবীন্দ্রনাথ,
|d ১৮৬১-১৯৪১.
|9 3089
|
| 700 |
1 |
0 |
|a আহমদ, নওয়াজেশ,
|e [আলোকচিত্রি].
|9 3092
|
| 942 |
|
|
|2 ddc
|c BK
|
| 999 |
|
|
|c 13882
|d 13882
|
| 952 |
|
|
|0 0
|1 0
|2 ddc
|4 0
|6 891_441400000000000_TAG
|7 0
|9 23229
|a BRACUL
|b BRACUL
|c GEN
|d 2013-08-25
|l 0
|o 891.4414 TAG
|p 3010009117
|r 2013-08-25
|t 1
|w 2013-08-25
|y BK
|
| 952 |
|
|
|0 0
|1 0
|2 ddc
|4 0
|6 891_441400000000000_TAG
|7 0
|9 23402
|a BRACUL
|b BRACUL
|c GEN
|d 2013-09-16
|l 0
|o 891.4414 TAG
|p 3010009244
|r 2013-09-16
|t 2
|w 2013-09-16
|y BK
|
| 952 |
|
|
|0 0
|1 0
|2 ddc
|4 0
|6 891_441400000000000_TAG
|7 0
|9 23403
|a BRACUL
|b BRACUL
|c GEN
|d 2013-09-16
|l 5
|m 50
|o 891.4414 TAG
|p 3010009241
|r 2018-08-30
|s 2016-01-07
|t 3
|w 2013-09-16
|y BK
|
| 952 |
|
|
|0 0
|1 0
|2 ddc
|4 0
|6 891_441400000000000_TAG
|7 0
|9 44698
|a BRACUL
|b BRACUL
|c GEN
|d 2015-01-10
|l 1
|o 891.4414 TAG
|p 3010009243
|r 2015-06-28
|s 2015-04-16
|t 4
|w 2015-01-10
|y BK
|
| 952 |
|
|
|0 0
|1 0
|2 ddc
|4 0
|6 891_000000000000000__4414_TAG
|7 0
|9 62399
|a BRACUL
|b BRACUL
|c GEN
|d 2018-01-03
|l 1
|m 2
|o 891.4414 TAG
|p 3010009242
|r 2020-03-11
|s 2020-02-22
|t 5
|w 2018-01-03
|y BK
|